IAU Constellations with a Map - Statistics

General Stats
  • This quiz has been taken 428 times
  • The average score is 57 of 88
Answers on the Map
Answers color-coded by a green-red scale on the quiz's map according to % correct below.
 
Answer Stats
Name % Correct
Ori Orion
91%
Leo Leo
90%
UMa Ursa Major
88%
UMi Ursa Minor
88%
Cnc Cancer
87%
Gem Gemini
86%
Tau Taurus
86%
Vir Virgo
86%
Aqr Aquarius
83%
Sge Sagitta
83%
Lib Libra
82%
Sco Scorpius
82%
Dra Draco
81%
And Andromeda
80%
Boo Boötes
80%
CMa Canis Major
80%
Psc Pisces
80%
Ari Aries
79%
Hya Hydra
79%
Sgr Sagittarius
79%
Cap Capricornus
78%
Peg Pegasus
78%
CMi Canis Minor
77%
Cas Cassiopeia
77%
Cru Crux
77%
Her Hercules
77%
Cep Cepheus
76%
Aql Aquila
74%
Tri Triangulum
74%
Cyg Cygnus
73%
Per Perseus
72%
Lyr Lyra
71%
Lyn Lynx
70%
Aur Auriga
69%
CrB Corona Borealis
69%
Cen Centaurus
68%
Eri Eridanus
68%
LMi Leo Minor
68%
Crv Corvus
67%
Car Carina
66%
Cet Cetus
66%
Lup Lupus
66%
Crt Crater
65%
Lep Lepus
65%
Oph Ophiuchus
65%
CrA Corona Australis
64%
Vel Vela
64%
Ara Ara
63%
Cam Camelopardalis
63%
CVn Canes Venatici
62%
Com Coma Berenices
62%
Oct Octans
61%
Hyi Hydrus
60%
Pup Puppis
60%
Ser Serpens
60%
Gru Grus
59%
Mic Microscopium
59%
Sex Sextans
59%
Mon Monoceros
57%
Col Columba
56%
Pav Pavo
56%
Phe Phoenix
56%
Tel Telescopium
55%
TrA Triangulum Australe
55%
Del Delphinus
54%
Dor Dorado
53%
Scl Sculptor
53%
Lac Lacerta
51%
PsA Piscis Austrinus
51%
Ret Reticulum
51%
Sct Scutum
51%
Ant Antlia
50%
Ind Indus
50%
Mus Musca
50%
Vul Vulpecula
50%
For Fornax
49%
Hor Horologium
49%
Nor Norma
49%
Pyx Pyxis
48%
Vol Volans
48%
Aps Apus
47%
Tuc Tucana
47%
Men Mensa
45%
Cha Chamaeleon
44%
Cir Circinus
41%
Equ Equuleus
41%
Cae Caelum
39%
Pic Pictor
39%
No matching quizzes found
Score Distribution
Percent of People with Each Score
Percentile by Number Answered
Your Score History
You have not taken this quiz